INTERIOR DESIGN - AN INTRODUCTION TO ART,CRAFT,SCIENCE TECHNIQUE & PROFESSION OF INTERIOR DESIGN (Record no. 1162140)

MARC details
000 -LEADER
fixed length control field 00403nam a2200109Ia 4500
008 - FIXED-LENGTH DATA ELEMENTS--GENERAL INFORMATION
fixed length control field 240521s9999 xx 000 0 und d
041 ## - LANGUAGE CODE
Language code of text/sound track or separate title eng
100 ## - MAIN ENTRY--PERSONAL NAME
Personal name KASU AHMED A.
245 ## - TITLE STATEMENT
Title INTERIOR DESIGN - AN INTRODUCTION TO ART,CRAFT,SCIENCE TECHNIQUE & PROFESSION OF INTERIOR DESIGN
260 ## - PUBLICATION, DISTRIBUTION, ETC.
Name of publisher, distributor, etc. ASHISH BOOK CENTER ,142,MAHENDRA CHAMBER, DR. D.N. ROAD NEXT TO McDONALDS CST MUMBAI-400001
300 ## - PHYSICAL DESCRIPTION
Extent 700

No items available.